header

Brazil as an economic superpower? (Record no. 47741)

MARC details
000 -LEADER
fixed length control field 02877nam a2200397 a 4500
082 04 - DEWEY DECIMAL CLASSIFICATION NUMBER
Classification number 337.81
245 00 - TITLE STATEMENT
Title Brazil as an economic superpower?
260 ## - PUBLICATION, DISTRIBUTION, ETC. (IMPRINT)
Place of publication Washington, D.C. :
Name of publisher Brookings Institution Press,
Year of publication c2009.
300 ## - PHYSICAL DESCRIPTION
Number of Pages viii, 291 p. :
Other physical details ill., maps.
505 0# - FORMATTED CONTENTS NOTE
Formatted contents note Brazil : the "B" belongs in the BRICS / Lael Brainard and Leonardo Martinez-Diaz -- Brazil as an agricultural and energy superpower. Brazil as an international energy player / Ricardo Ubiraci Sennes and Thais Narciso -- Brazil as an agricultural and agroenergy superpower / Andr�e Meloni Nassar -- Brazil : the challenges in becoming an agricultural superpower / Geraldo Barros -- Opening markets : Brazil's trade policy. Brazil's trade policy : moving away from old paradigms? / Pedro da Motta Veiga -- Brazil's trade policy : old and new issues / Mauricio Mesquita Moreira -- Extending Brazilian multinationals' global reach. Big business in Brazil : leveraging natural endowments and state support for international expansion / Ben Ross Schneider -- Technology, public policy, and the emergence of Brazilian multinationals / Edmund Amann -- Brazil as an equitable opportunity society. Income policies, income distribution, and the distribution of opportunities in Brazil / Marcelo Neri.
520 ## - SUMMARY, ETC.
Summary, etc "Scholars and policymakers from Brazil, Europe, and the United States examine the present state and likely future of Brazil's economy. Their analysis focuses particularly on five key topics: agribusiness, energy, trade, social investment, and multinational corporations"--Provided by publisher.
650 #0 - SUBJECT ADDED ENTRY--TOPICAL TERM
Topical Term International business enterprises
700 1# - ADDED ENTRY--PERSONAL NAME
Personal name Brainard, Lael.
Personal name Martinez-Diaz, Leonardo,
856 40 - ELECTRONIC LOCATION AND ACCESS
Uniform Resource Identifier http://site.ebrary.com/lib/rucke/Doc?id=10338470

No items available.

© 2026 Rongo University
Contact us: librarian | system librarian | Rongo university